000 00517nam a22001697a 4500
005 20231206103158.0
008 231206b |||||||| |||| 00| 0 eng d
020 _a070215797 X ; 0702158046
041 _aEnglish
082 _a348 JUT
100 _lEnglish
245 _aJuta's Statutes of South Africa /
_cJUTA LAW STATUTES EDITORS
260 _aCape Town :
_bJuta Law,
_cEleventh Edition
300 _b444 pages ;
_c26 cm.
650 _aLegal practice
_bLaw
942 _cBK
_6ALISON_BN_VRIES
999 _c1144
_d1144